000 02196nam a2200445 a 4500
001 ebr10531735
003 CaPaEBR
006 m u
007 cr cn|||||||||
008 060710s2007 nyu sb 001 0 eng d
010 _z 2006022712
020 _z0820488143 (hardcover alk. paper)
020 _z9780820488141 (hardcover alk. paper)
020 _z9781453906880 (e-book)
040 _aCaPaEBR
_cCaPaEBR
035 _a(OCoLC)607744912
043 _ae-uk-en
050 1 4 _aPR4757.S46
_bZ45 2007eb
082 0 4 _a823/.8
_222
100 1 _aZeitler, Michael A.,
_d1948-
245 1 0 _aRepresentations of culture
_h[electronic resource] :
_bThomas Hardy's Wessex & Victorian anthropology /
_cMichael A. Zeitler.
246 3 _aThomas Hardy's Wessex and Victorian anthropology
260 _aNew York :
_bP. Lang,
_cc2007.
300 _a154 p.
504 _aIncludes bibliographical references (p. [139]-143) and index.
505 0 _aIntroduction: Thomas Hardy, Wessex, and the critics -- The science of culture : anthropology and the creation of Wessex -- Beginnings : descriptions of local culture -- Wessex past and present : primitive and modern in The return of the native -- An experiment in tragic form : anthropological ritual and symbolic representation in Tess of the d'Urbervilles -- Beyond myth : the presence of the past in Jude the obscure.
533 _aElectronic reproduction.
_bPalo Alto, Calif. :
_cebrary,
_d2011.
_nAvailable via World Wide Web.
_nAccess may be limited to ebrary affiliated libraries.
600 1 0 _aHardy, Thomas,
_d1840-1928
_xSettings.
600 1 0 _aHardy, Thomas,
_d1840-1928
_xKnowledge
_xWessex (England)
600 1 0 _aHardy, Thomas,
_d1840-1928.
_tWessex novels.
650 0 _aCulture in literature.
650 0 _aLocal history in literature.
650 0 _aManners and customs in literature.
650 0 _aCountry life in literature.
650 0 _aRegionalism in literature.
651 0 _aWessex (England)
_xIn literature.
655 7 _aElectronic books.
_2local
710 2 _aebrary, Inc.
856 4 0 _uhttp://site.ebrary.com/lib/rucke/Doc?id=10531735
_zAn electronic book accessible through the World Wide Web; click to view
999 _c234463
_d234463